000 00712nam a22002657a 4500
003 CHAP
005 20220329133922.0
008 971013s1961 r 00010 d
010 _a12687
011 _a13659
035 _a17731
040 _cCHAP
082 _a631.1
_bH3
100 0 0 _aHayes, Gordon.
_953184
245 _aFarm organization and management
250 _a2 ed.
260 _aLondon :
_bLockwood,
_c1961
300 _a355 p.
590 _aBATCH-UPD
_b10
_c20130110
_lUCH01
_h2036
590 _aCONVERSION
_b10
_c20130109
_lUCH01
_h1308
650 1 4 _aEmpresas agropecuarias.
_936649
901 _aBK
942 _cLIBRO
949 _a631.1 H3
_bBC
_cLIBRO
_d33724000054615
_eLIBRO
_h20482
_i17731
_si
999 _c12687
_d12687